000 00351nam a2200145Ia 4500
005 20251222143207.0
008 251222s9999||||xx |||||||||||||| ||spa||
020 _a9789972297465
082 _a642.509.85/W95
100 _aWust, Walter H.
245 0 _aGrandes Huariques del PerĂº
250 _a1ra.ed.
264 _bEditorial Biblos
942 _cLIB
999 _c13300
_d13300